Paroles Game Over - Vitaa & Gims - Statistiques

Statistiques générales
  • Ce quiz a été pris 372 fois
  • Le résultat moyen est 341 sur 480
Statistiques - réponses
% Correct
100%
99%
99%
98%
98%
98%
98%
98%
98%
98%
98%
98%
98%
98%
97%
97%
96%
96%
96%
96%
96%
95%
94%
94%
93%
93%
93%
93%
93%
92%
92%
92%
92%
92%
92%
91%
91%
91%
90%
90%
89%
89%
89%
89%
87%
87%
87%
87%
87%
85%
85%
84%
84%
84%
84%
83%
83%
83%
83%
83%
83%
83%
83%
82%
82%
82%
82%
82%
82%
81%
81%
81%
81%
81%
81%
81%
81%
80%
80%
80%
79%
79%
78%
78%
77%
77%
77%
77%
76%
76%
76%
74%
74%
74%
74%
74%
74%
73%
73%
73%
73%
73%
72%
72%
72%
72%
71%
71%
71%
70%
70%
69%
68%
68%
67%
67%
67%
67%
66%
66%
66%
65%
65%
65%
64%
64%
64%
63%
62%
62%
62%
62%
62%
62%
61%
60%
60%
60%
58%
58%
57%
56%
56%
56%
56%
56%
56%
55%
54%
54%
53%
53%
53%
52%
50%
50%
50%
50%
50%
50%
50%
50%
49%
49%
49%
49%
48%
48%
47%
46%
46%
46%
46%
46%
46%
46%
46%
46%
45%
45%
45%
44%
44%
44%
44%
44%
44%
43%
43%
42%
42%
41%
41%
41%
41%
41%
41%
40%
40%
40%
39%
39%
39%
39%
38%
38%
38%
37%
37%
37%
37%
37%
36%
35%
35%
35%
34%
34%
33%
33%
33%
33%
32%
32%
32%
32%
32%
31%
30%
30%
29%
29%
29%
29%
29%
28%
28%
28%
27%
26%
26%
26%
26%
25%
25%
24%
24%
24%
23%
22%
21%
20%
20%
17%
15%
13%
13%
9%
8%
7%
7%
Aucun quiz correspondant
Distribution des résultats
% des personnes avec chaque résultat
Percentile par nombre de réponses
Votre historique - résultats
Vous n’avez pas pris ce quiz